Szczegóły MARC21

Der Streit um den Sergeanten Grischa : Roman /

003 -Nazwa inst., której nr kontr. jest w polu 001 [,]
    • @
    • Nazwa instytucji, której n kontrolny jest w polu 001
    • NUKAT
005 -DATA I CZAS OSTATNIEJ MODYFIKACJI [,]
    • @
    • pole kontrolne
    • 20241231114627.0
020 -Międzynarod. znormalizowany nr książki - ISBN [ , ]
    • a
    • Numer ISBN
    • 3379002550 Find
040 -Instytucja sporządzająca opis [ , ]
    • a
    • Instytucja, która sporządziła opis (NP)
    • GD U/MS
    • c
    • Instytucja, która sporządziła rekord (NP)
    • GD U/MS
942 -Rodzaj dokumentu [ , ]
    • c
    • Rodzaj dokumentu
    • Książka
100 -Hasło główne - nazwa osobowa [1, ]
    • a
    • Nazwa osobowa (NP)
    • Zweig, Arnold
    • d
    • Daty biograficzne (NP)
    • (1887-1968).
    • 9
    • KHW
    • 51254
240 -Tytuł ujednolicony [1,0]
    • a
    • Tytuł ujednolicony
    • Streit um den Sergeanten Grischa
    • l
    • Język tekstu
    • (niem.)
    • 9
    • KHW
    • 440746
245 -Strefa tytułu i oznaczenia odpowiedzialności [1,4]
    • a
    • Tytuł
    • Der Streit um den Sergeanten Grischa : Find
    • b
    • Ciąg dalszy tytułu (NP)
    • Roman / Find
    • c
    • Pozostałe elementy strefy tytułu i oznaczenia odpowiedzialności (NP)
    • Arnold Zweig.
250 -Strefa wydania [ , ]
    • a
    • Oznaczenie wydania (NP)
    • 18. Aufl.
260 -Strefa adresu wydawniczego [ , ]
    • a
    • Miejsce wydania (P)
    • Leipzig :
    • b
    • Nazwa wydawcy (P)
    • Verlag Philipp Reclam jun.,
    • c
    • Data wydania (P)
    • 1988.
300 -Strefa opisu fizycznego [ , ]
    • a
    • Określenie formy książki i/lub objętość (NP)
    • 430, [1] ;
    • c
    • Format (NP)
    • 18 cm.
336 -Typ zawartości [ , ]
    • a
    • Termin opisujący typ zawartości
    • Tekst
    • b
    • Kod określający zawartość
    • txt
    • 2
    • Źródło (terminu i kodu)
    • rdacontent
337 -Typ mediów [ , ]
    • a
    • Tryb odtwarzania
    • Bez urządzenia pośredniczącego
    • b
    • Kod typu mediów
    • n
    • 2
    • Źródło (terminu i kodu)
    • rdamedia
338 -Typ/rodzaj nośnika [ , ]
    • a
    • Hasło opisujące typ nośnika
    • Wolumin
    • b
    • Kod typu nośnika
    • nc
    • 2
    • Źródło (terminu i kodu)
    • rdacarrier
490 -Strefa serii i książki wielotomowej - forma nie do wyszukiwania [1, ]
    • a
    • Tytuł (P)
    • Universal-Bibliothek. Belletristik Find
830 -Hasło dodatkowe serii i opisu książki wielotomowej - tytuł ujednolicony/tytuł [ ,0]
    • a
    • Tytuł ujednolicony/tytuł (NP)
    • Reclams Universal-Bibliothek.
    • p
    • Nazwa części/podserii/sekcji (P)
    • Belletristik
    • 9
    • KHW
    • 16982
830 -Hasło dodatkowe serii i opisu książki wielotomowej - tytuł ujednolicony/tytuł [ ,0]
    • a
    • Tytuł ujednolicony/tytuł (NP)
    • Reclams Universal-Bibliothek
    • x
    • ISSN
    • 0722-8511
    • v
    • Oznaczenie tomu (NP)
    • Bd. 222
    • 9
    • KHW
    • 12680
500 -Uwaga ogólna [ , ]
    • a
    • Uwaga ogólna (NP)
    • W serii gł.: Bd. 222.
080 -Uniwersalna Klasyfikacja Dziesiętna [ , ]
    • a
    • Symbol klasyfikacji
    • 830-31=30
980 -Symbol UKD [ , ]
    • a
    • UKD
    • 830-31=30
920 -ISBN [ , ]
    • a
    • ISBN
    • 3-379-00255-0 Find
Sygnatura Status udost. Lokalizacja Data inwentaryzacji Numer inwentarzowy
Germ. Literatura niemiecka-3BM2006-03-08G.18060